000 00601nam a22002297a 4500
003 UA-OsUOA
001 34257
007 ta
008 20050927b un ||||| |||| 00| 0 ukr d
100 _aВильде Д.
090 _a821.17
_bВ46
942 _cBK
040 _aUA-OsUOA
_brus
_cUA-OsUOA
_dUA-OsUOA
245 _aВойна в Махтра
_bроиан
300 _a520 с.
955 _a3
041 _arus
080 _a821.17
260 _aТаллин
_bЭЭСТИ РААМАТ
_c1968
650 7 _a82 Література. Літературознавство
_2UDC
999 _c320691
_d320691